| 000 | 00325nam a2200145 a 4500 | ||
|---|---|---|---|
| 001 | 4402 | ||
| 003 | CDMR | ||
| 005 | 20130116135255.0 | ||
| 008 | 130130s2002||||||||||||||||||||||||||||d | ||
| 040 |
_aCDMR _bcat _cCPC GIRONA |
||
| 245 | 3 | _aEl temps t'acaricia | |
| 260 |
_c2002 _bEl Centre |
||
| 490 | 0 |
_aEl Centre _961 |
|
| 942 | _cMON | ||
| 999 |
_c4402 _d4402 |
||